000 01438nam0a22003251 4500
001 v19\rc\1913597
005 20251118180608.9
035 _a(NLR Aleph) 005001534
090 _a6391787
_c6391787
100 _a20080404d1911 |||y0rusy50 ca
101 0 _arus
102 _aRU
105 _ay z |||||
200 1 _aОпределитель разновидностей настоящих хлебов по Кернике
_fКонст. Фляксбергер
_g[Сост. Бюро по приклад. ботанике при Учен. ком. Гл. упр. землеустройства и земледелия]
210 _aХороль
_cтип. Ш.Д. Хайкина
_d1911
215 _a41 с.
_d26
300 _aВо 2-м изд. загл.: Определитель настоящих хлебов
311 _aБеспл. прил. к "Вестн. Хорол. о-ва сел. хоз-ва"
422 0 _12001#$aВестник Хорольского общества сельского хозяйства
517 0 _aОпределитель настоящих хлебов
700 1 _aФляксбергер
_bК. А.
_f1880-1942
_gКонстантин Андреевич
702 1 _aКернике
_4570
801 0 _aRU
_bNLR
_gpsbo
801 0 _aRU
_bRuMoRGB
_2psbo
801 1 _aRU
_bProSoft-M
_2rusmarc
852 _aNLR
_j20.88.8.55
899 _aRuMoRGB
_jF 117/175
899 _aБАН
942 _cBOOK
980 _aNB